Harry Styles songs in Spotify's BILLIONS CLUB - Statistics

General Stats
  • This quiz has been taken 328 times
    129 since last reset
  • The average score is 5 of 6
Answer Stats
Date Song % Correct
January 2021 Watermelon Sugar
98%
July 2022 As It was
97%
April 2022 Sign of the Times
91%
January 2022 Adore You
87%
September 2024 Late Night Talking
62%
June 2023 Falling
56%
No matching quizzes found
Score Distribution
Percent of People with Each Score
Percentile by Number Answered
Your Score History
You have not taken this quiz since the last reset